|
|
|
|
| LEADER |
00000nam0a2200000 4500 |
| 001 |
82459 |
| 005 |
20231031095724.0 |
| 010 |
|
|
|a 5769517271
|b (в пер.)
|b 10000 экз.
|
| 021 |
|
|
|a RU
|b 04-77310
|9 04-3813
|
| 035 |
|
|
|a (RuTPU)RU\TPU\book\88607
|
| 090 |
|
|
|a 82459
|
| 100 |
|
|
|a 20051004d2004 m z0rusy5002 ca
|
| 101 |
0 |
|
|a rus
|
| 102 |
|
|
|a RU
|
| 105 |
|
|
|a a j 001zy
|
| 200 |
1 |
|
|a Теоретические основы теплотехники
|e учебник
|f И. А. Прибытков, И. А. Левицкий
|g под ред. И. А. Прибыткова
|
| 210 |
|
|
|a Москва
|c Academia
|d 2004
|
| 215 |
|
|
|a 463, [1] с.
|d 22 см.
|c ил
|
| 225 |
1 |
|
|a Среднее профессиональное образование
|i Металлургия
|
| 320 |
|
|
|a Библиогр.: с. 460
|
| 330 |
|
|
|a Рассмотрены основные положения технической термодинамики, принцип работы и схемы устройств для превращения теплоты в механическую работу, теория движения и статики жидкостей и газов, изложены основы теории переноса теплоты молекулярной теплопроводностью, конвекцией и излучением. Описаны способы генерации теплоты путем преобразования химической энергии топлива и электрической энергии. Изложены основы теории процессов переноса массы и их приложение к некоторым технологическим процессам. Рассмотрены элементы теории подобия. Для студентов учреждений среднего профессионального образования.
|
| 610 |
1 |
|
|a Теплотехника
|
| 610 |
1 |
|
|a жидкость
|
| 610 |
1 |
|
|a газ
|
| 610 |
1 |
|
|a динамика
|
| 610 |
1 |
|
|a статика
|
| 610 |
1 |
|
|a теория
|
| 610 |
1 |
|
|a пограничный слой
|
| 610 |
1 |
|
|a техническая термодинамика
|
| 610 |
1 |
|
|a понятия
|
| 610 |
1 |
|
|a первый закон термодинамики
|
| 610 |
1 |
|
|a термодинамические процессы
|
| 610 |
1 |
|
|a второй закон термодинамики
|
| 610 |
1 |
|
|a теплосиловые установки
|
| 610 |
1 |
|
|a парогазовые установки
|
| 610 |
1 |
|
|a холодильные установки
|
| 610 |
1 |
|
|a теплообмен
|
| 610 |
1 |
|
|a теплопроводность
|
| 610 |
1 |
|
|a подобие
|
| 610 |
1 |
|
|a теплообмен излучением
|
| 610 |
1 |
|
|a лучистый теплообмен
|
| 610 |
1 |
|
|a теплогенерация
|
| 610 |
1 |
|
|a массообмен
|
| 610 |
1 |
|
|a конвективный теплообмен
|
| 610 |
1 |
|
|a учебники
|
| 610 |
1 |
|
|a механика
|
| 610 |
1 |
|
|a теория
|
| 675 |
|
|
|a 621.1.016(075.32)
|v 3
|z rus
|
| 700 |
|
1 |
|a Прибытков
|b И. А.
|g Иван Алексеевич
|4 070
|
| 701 |
|
1 |
|a Левицкий
|b И. А.
|g Игорь Анисимович
|4 070
|
| 801 |
|
0 |
|a RU
|b RKP
|c 20050126
|g PSBO
|
| 801 |
|
1 |
|a RU
|b 63413507
|c 20051004
|g PSBO
|
| 801 |
|
2 |
|a RU
|b 63413507
|c 20201008
|g PSBO
|
| 900 |
|
|
|a Теоретические основы теплотехники
|
| 900 |
|
|
|a Тепловые и атомные электростанции
|
| 942 |
|
|
|c BK
|
| 952 |
|
|
|a 550900
|b 101000
|